| 000 | 00497nam a2200193Ia 4500 | ||
|---|---|---|---|
| 003 | OSt | ||
| 005 | 20140318130421.0 | ||
| 008 | 140130s9999 xx 000 0 und d | ||
| 020 | _a0439431344 | ||
| 050 |
_aPZ 7 _b.Ev8775Ap 2002 |
||
| 100 | _aEvans, Douglas | ||
| 245 |
_cEvans, Douglas _aApples Island or truth about teachers / |
||
| 260 |
_bScholastic, _aArden, N.C. : _c2002. |
||
| 300 |
_a143 p. : _bill. ; _c22 cm. |
||
| 521 | _aG5 | ||
| 526 | _c710 | ||
| 942 |
_cBK _2lcc |
||
| 999 |
_c41022 _d41022 |
||